Nuevos comentarios al Reglamento FIFA. Con anl̀isis de Jurisprudencia de la DRC y del TAS

Bibliographic Details
Main Author: Frega Navia, Ricardo
Other Authors: Crespo Přez, Juan de Dios
Format: Book
Language:Spanish
Published: Madrid Dykinson 2015
Subjects:
Online Access:Acceso restringido

MARC

LEADER 00000nam a22000007a 4500
005 20160524104448.0
007 cr|||| ||u|
008 160524s2015 sp ||||| |||| 00||0 spa d
020 |a 978-84-9085-459-4 
035 |a 14268 
040 |a vLex  
090 |c 6132  |d 6132 
100 1 |a Frega Navia, Ricardo  
245 1 0 |a Nuevos comentarios al Reglamento FIFA. Con anl̀isis de Jurisprudencia de la DRC y del TAS  |h [Recurso electrn̤ico] /  |c Ricardo Frega Navia  
256 |a Servicio en ln̕ea  
260 |a Madrid  |b Dykinson  |c 2015 
300 |a 1 recurso electrn̤ico  
506 1 |a Contenido solo disponible en los productos indicados  |d vLex Global  |d vLex Global (Academic Edition, excluding Law Schools)  |d vLex Global (U.S. Academic Edition, Law Schools)  |d vLex Global (U.S. Academic Edition, excluding Law Schools)  |d vLex Global (Academic Edition, Law Schools) 
650 0 4 |a Derecho  |z Espaą 
700 0 |a Crespo Přez, Juan de Dios 
740 0 |a vLex libros (servicio en ln̕ea)  
856 4 0 |u http://vlex.com/source/nuevos-comentarios-reglamento-fifa-14268  |z Acceso restringido  
942 |c BOOK 
999 0 |a Law  |b Madrid